<?xml version="1.0" encoding="UTF-8"?>
<marc:record xmlns:marc="http://www.loc.gov/MARC21/slim">
   <marc:leader>00000nam a2200000 a 4500</marc:leader>
   <marc:datafield ind1="1" ind2=" " tag="100">
      <marc:subfield code="a">Puchner, Willy</marc:subfield>
      <marc:subfield code="4">aut</marc:subfield>
      <marc:subfield code="e">Verfasser/-in</marc:subfield>
   </marc:datafield>
   <marc:datafield ind1="1" ind2=" " tag="100">
      <marc:subfield code="a">Ransmayr, Christoph</marc:subfield>
      <marc:subfield code="4">ctb</marc:subfield>
      <marc:subfield code="e">Mitwirkende/-r</marc:subfield>
   </marc:datafield>
   <marc:datafield ind1=" " ind2=" " tag="653">
      <marc:subfield code="a">Tiererzählung</marc:subfield>
   </marc:datafield>
   <marc:datafield ind1=" " ind2=" " tag="653">
      <marc:subfield code="a">Reiseerzählungen/Welt</marc:subfield>
   </marc:datafield>
   <marc:datafield ind1=" " ind2=" " tag="653">
      <marc:subfield code="a">Arktis</marc:subfield>
   </marc:datafield>
   <marc:datafield ind1=" " ind2=" " tag="653">
      <marc:subfield code="a">Antarktis</marc:subfield>
   </marc:datafield>
   <marc:datafield ind1=" " ind2=" " tag="653">
      <marc:subfield code="a">Anthologie</marc:subfield>
   </marc:datafield>
   <marc:datafield ind1="0" ind2="0" tag="245">
      <marc:subfield code="a">Willy Puchners Tierleben</marc:subfield>
   </marc:datafield>
   <marc:datafield ind1="0" ind2="0" tag="245">
      <marc:subfield code="c">Essay von Christoph Ransmayr</marc:subfield>
   </marc:datafield>
   <marc:datafield ind1=" " ind2="1" tag="264">
      <marc:subfield code="a">Wien</marc:subfield>
      <marc:subfield code="b">Brandstätter</marc:subfield>
      <marc:subfield code="c">2008</marc:subfield>
   </marc:datafield>
   <marc:datafield ind1=" " ind2=" " tag="250">
      <marc:subfield code="a">1. Aufl.</marc:subfield>
   </marc:datafield>
   <marc:datafield ind1="1" ind2=" " tag="520">
      <marc:subfield code="a">Angaben aus der Verlagsmeldung

Willy Puchners Tierleben

Zwei Plastikpinguine, die er auf eine Reise zu den touristischen Highlights rund um die Welt schickte, machten Willy Puchner berühmt, sein Bildband "Die Sehnsucht der Pinguine" wurde in sieben Sprachen übersetzt. Nun macht er sich daran, einer Welt, so weit entfernt und so fremd wie extraga­laktisches Leben, Gerechtigkeit widerfahren zu lassen: dem Reich der Tiere.

Willy Puchner ist ein Reisender, fotografierend und sammelnd findet sein Entdecke­r­auge allerorts eine Bühne vor. Dieses Buch versammelt seine auf zahlreichen Reisen entstandenen, subtilen und oft bizarren Tierbilder, die - eben­so wie seine Text-Miniaturen - Geschichten erzählen: Am glücklichsten sei der Mensch, "wenn er einem Tier für Sekunden in die Augen blickt, wenn er sich mit ihm auf außergewöhnliche Art und Weise verbunden fühlt ... Kein Laut. Keine Bewegung. Nur noch Verbeugung". - Diese Momentaufnahmen geben eine Ahnung davon, wen wir dressieren, streicheln oder verzehren. Aus einer Sammlung "tierischer" Lebensläufe ergibt sich am Ende das beiläufige Bild des menschlichen Auftritts - ein fotografisches Negativ.
</marc:subfield>
   </marc:datafield>
   <marc:datafield ind1=" " ind2=" " tag="020">
      <marc:subfield code="a">9783850332002</marc:subfield>
      <marc:subfield code="9">9783850332002</marc:subfield>
   </marc:datafield>
   <marc:datafield ind1=" " ind2=" " tag="041">
      <marc:subfield code="a">ger</marc:subfield>
   </marc:datafield>
   <marc:datafield ind1=" " ind2=" " tag="300">
      <marc:subfield code="a">159 S.</marc:subfield>
   </marc:datafield>
</marc:record>
